Responses for Show #2328 - Wednesday, October 19, 1994

Contestants

[<< previous game]

John Harris, a bookstore clerk originally from Richmond, Virginia

Barbara Silverstein, an opera conductor originally from Philadelphia, Pennsylvania

Peg Serenyi, a school librarian from Potomac, Maryland (whose 1-day cash winnings total $9,900)

[next game >>]

Jeopardy! Round responses

THE 50 STATES
TELEVISION
SAINTS
WOMEN IN HISTORY
MARCHING ORDERS
CROSSWORD CLUES "M"
    $100 8
New York

Barbara
    $100 18
Art Carney

Barbara
    $100 6
March 17

Barbara
    $100 1
Cleopatra

Peg
    $100 22
(Peg: Who is Chiang Kai-Shek?)

Mao Tse-Tung

PegBarbara
    $100 16
Millie

Barbara
    $200 9
Wisconsin

John
    $200 27
Taxi

John
    $200 7
Edward (the Confessor)

John
    $200 2
Mata Hari

Peg
    $200 23
(Barbara: What is Martin Luther King's "I Had A Dream" speech? [*]?)
(Alex: Yeah, I'll give it to you.)

Martin Luther King's "I Have a Dream" speech

Barbara
    $200 17
major

John
    $300 10
New Jersey

Peg
    $300 28
Private Benjamin

Triple Stumper
    $300 11
Mary Magdalene

Peg
    $300 3
Susan B. Anthony

Peg
    $800 24
(Alex: [*], "March of the Toys", you're right.)

Babes in Toyland

Barbara
    $300 19
moccasins

John
    $400 14
(John: What is Michigan?)

Minnesota

PegJohn
    $400 29
Paladin

Barbara
    $400 12
St. Mark

Barbara
    $400 4
Catherine de Medici

Peg
    $400 25
the March of Dimes

Peg
    $400 20
a mummy

Peg
    $500 15
Iowa

Triple Stumper
    $500 30
Room 222

Triple Stumper
    $500 13
(Peg: What is Ireland?)

Sweden

PegJohn
    $500 5
[Applause for Peg running the category.]

Cortes

Peg
    $500 26
(2 of) truth, God, or day

Barbara
    $500 21
Maxwell

Barbara

Scores at the first commercial break (after clue 15):

Peg Barbara John
$2,000 $600 $500

Scores at the end of the Jeopardy! Round:

Peg Barbara John
$2,700 $3,300 $1,200

Double Jeopardy! Round responses

FEBRUARY
INVENTORS
WORLD FACTS
AWARDS
THE BILL OF RIGHTS
LITERATURE
    $200 11
New Delhi

Peg
    $200 20
Cousteau

Peg
    $200 16
(Barbara: Who is Peary?)

Richard Byrd

BarbaraJohn
    $200 2
seizures

Peg
    $200 1
(James) Clavell

Peg
    $400 12
Captain Cook

John
    $400 22
Gutenberg

Barbara
    $400 17
Barry Goldwater

Peg
    $400 3
jury trial

Peg
    $400 5
John Le Carre

John
    $600 13
Idi Amin

Peg
    $600 23
McCormick

Peg
    $600 26
British Columbia

Peg
    $600 18
Dick Tracy

John
    $600 4
the 5th Amendment

Barbara
    $600 6
"The Fall of the House of Usher"

Peg
    $800 14
Mulroney

Barbara
    $800 24
(Peg: Who is Oldsmobile?)

Olds

PegJohn
    $1,000 27
Peru (or Bolivia)

Peg
    $800 19
Yves St. Laurent

Peg
    $800 7
(John: Who is George Mason?)

James Madison

John
Triple Stumper
    $800 9
(Barbara: What is The Portrait of Dorian Gray?)

The Picture of Dorian Gray

BarbaraJohn
    $1000 15
Nancy Astor

John
    $1000 25
(Edwin) Land

John
    $1000 28
[The end-of-round signal sounds.]

the Bay of Biscay

Peg
    $1000 21
Coleman Young

Barbara
    $1,000 8
(Peg: Who was Jefferson?)

John Adams

Peg
    $1000 10
Kim

John

Scores at the end of the Double Jeopardy! Round:

Peg Barbara John
$7,700 $5,100 $6,600

[wagering suggestions for these scores]

Final Jeopardy! Round responses

MUSICIANS
BarbaraWho is Van Cliburn?
$2,000
JohnWho is Van Cliburn?
$3,700
PegWho was Van Cliburn
$7,000
Van Cliburn

Final scores:

Peg Barbara John
$14,700 $7,100 $10,300
2-day champion: $24,600 3rd place: Daniel Mink his & hers watches 2nd place: Psion pocket computer + Prodigy service

Game dynamics:

Coryat scores:

Peg Barbara John
$8,500 $4,600 $6,600
23 R
(including 1 DD),
4 W
(including 1 DD)
15 R
(including 1 DD),
2 W
15 R,
2 W

Combined Coryat: $19,700

[game clues] [game scores] [suggest correction]

Game tape date: 1994-08-24
The J! Archive is created by fans, for fans. Scraping, republication, monetization, and malicious use prohibited; this site may use cookies and collect identifying information. See terms. The Jeopardy! game show and all elements thereof, including but not limited to copyright and trademark thereto, are the property of Jeopardy Productions, Inc. and are protected under law. This website is not affiliated with, sponsored by, or operated by Jeopardy Productions, Inc. Join the discussion at JBoard.tv.